| 000 | 00391 a2200169 4500 | ||
|---|---|---|---|
| 003 | Nust | ||
| 005 | 20170207153352.0 | ||
| 040 | _cNust | ||
| 082 | _a005.1 | ||
| 100 | _aAli , Capt Hassan BESE-04 | ||
| 245 |
_aOnline Library System _cCapt Hassan Ali BESE-04 |
||
| 260 |
_bMCS _c2002 |
||
| 300 | _a73 p | ||
| 538 | _aAlmirah No.71 Shelf No.3 | ||
| 650 | _a UG Projects | ||
| 651 | _aUG EE Projects | ||
| 942 | _cPRG | ||
| 999 |
_c184647 _d184647 |
||